Najpopularniejsze numery rapowe/trapowe tygodnia. 15-21.01 - Statystyki

Ogólne statystyki
  • Ten quiz został rozwiązany 9 razy
  • Średni wynik to 17 z 30
Statystyki odpowiedzi
Wykonawca Wyświetlenia Utwór % Poprawnych
Guzior 2.32M BLUEBERRY
89%
Alberto 725K Dwutakt
89%
Guzior feat. Oskar83 1.84M FALA
89%
Kizo feat. Trill Pem 816K Fitness
78%
Sobel 1.31M Kinol
78%
Żabson feat. Vladimir Cauchemar 1.15M OBOK
78%
Wiatr feat. Sobel, Be Vis 1.25M Testarossa
78%
ReTo 594K Billy Kid
67%
Quebonafide feat. Daria Zawiałow 585K BUBBLETEA
67%
Kali x Major feat. PlanBe 767K California
67%
Kubańczyk 524K Lady Pank 2
67%
Qry feat. Mini Majk 618K Mały ale wariat
67%
Kabe 1.54M Nad ranem
67%
PRO8L3M feat. Brodka 1.27M Żar
67%
gng 557K joker
56%
Wac Toja 575K Kapitan
56%
Kali x Major 536K Mona Lisa
56%
Szpaku feat. Chivas 1.07M Potwór
56%
Florek feat. Młodypago, Piluś 804K Buzi
44%
Kabe 548K Euro
44%
Kizo feat. Jaill 799K Ghetto Trap
44%
KęKę 573K Moja Gwardia
44%
Bedoes & Lanek feat. Szpaku 588K Nawiedzony Dom /
44%
Bedoes & Lanek 1.02M TOA$T /
44%
Szpaku feat. Zdechły Osa 649K Zły
44%
Major SPZ 848K BAM BAM
33%
Cheatz 611K gdzie jest stary dawid
33%
Bedoes & Lanek 700K NIEWIEŚCIN BYDGOSZCZ /
33%
Tymek, Kuba Karaś, Urbanski 610K Oczko w głowie
33%
Josef Bratan x Malik Montana 733K Wuwua
33%
Nie znaleziono quizów pasujących do podanych kryteriów
Rozkład punktacji
Procent ludzi z każdym wynikiem
Percentyl według liczby udzielonych odpowiedzi
Twoja historia wyników
Nie rozwiązałeś tego quizu